Základy technológie vyd. Rektorát Vys. školy ekonom. pre poslucháčov Výrobne ekonom. a Všeobecne ekonom. fak.

Bibliographic Details
Main Author: Križan, Vladimír (Author)
Format: Book
Language:Slovak
PhysicalDescription:145 s., [1] príl. 4°
Published: Bratislava Slovenské pedagogické nakladateľstvo 1958
Series:Vysokoškolské učebné texty
Subjects:

MARC

LEADER 00000nam a2200000 a 4500
001 vtls008311885
003 SK-MaSNL
005 20260301041147.0
008 240509s1958 xo 000 slo
015 |a SKSNBA1959/02-00235 
035 |a SK01SNK19590004102 
035 |a SKM000006565 
040 |a SNK  |b slo  |c SNK  |e AACR2 
041 0 |a slo 
044 |a xr  |c CZ 
080 |a 62(075.8)  |2 1981 
100 1 |a Križan, Vladimír  |4 aut  |9 279165 
245 1 0 |a Základy technológie  |b vyd. Rektorát Vys. školy ekonom. pre poslucháčov Výrobne ekonom. a Všeobecne ekonom. fak.  |c Vladimír Križan 
260 |a Bratislava  |b Slovenské pedagogické nakladateľstvo  |c 1958  |e Bratislava  |f Technografia 
300 |a 145 s., [1] príl.  |c 4° 
490 1 |a Vysokoškolské učebné texty 
500 |a Ilustr. Pozn. Lit. Tab. 
563 |a 355 výtl. 
650 0 7 |a technológia  |2 SNK  |9 66619 
655 7 |a Textbooks (higher)  |2 SNKPHeng  |9 276436 
655 7 |a učebnice vysokých škôl  |2 SNKPH  |9 70191 
655 7 |a učebnice  |2 SNKPH  |9 22521 
830 0 |a Vysokoškolské učebné texty  |9 276539 
852 |a Slovenská národná knižnica v Martine  |b 10000  |h SB 5476 
919 |a brož. 
958 |a OND 
958 |a TL 
958 |a NB 
958 |a RK 
958 |a UV 
999 |c 587738  |d 589668 
952 |a SNK  |b SNK  |y PREZ  |7 0  |p 17A0725186  |o snkSB 5476  |i snkKSP 4506/58  |0 0  |1 0  |4 0  |d 2013-08-08  |f 1  |l 0  |r 2025-02-19 00:00:00  |w 2026-02-23 
952 |a SNK  |b SNK  |y PREZ  |7 0  |p 17A1022131  |o snkSB 5476 príl.  |i snkKSP 4506/58  |3 Príloha: tabuľka 1 l.  |z Príloha: tabuľka 1 l.  |0 0  |1 0  |4 0  |d 2013-08-08  |l 0  |r 2025-02-19 00:00:00  |w 2026-02-23